| 000 | 00644nam a22001932 4500 | ||
|---|---|---|---|
| 001 | 0000002617 | ||
| 005 | 20170406114350.0 | ||
| 008 | 140321s xx 000 0 eng d | ||
| 020 |
_a9789171065155 : _c$ |
||
| 040 |
_aYour Holding Symbol _cYour Holding Symbol |
||
| 100 | 1 | _aGeisle,Geisler. | |
| 245 | 1 | 0 |
_aWomen and the remaking of politics in southern africa : _bnegotioting autonomy incorporation and representation. |
| 250 | _a ed. | ||
| 260 |
_aSweden : _bNorddiska afrikain instutitute, _c2004. |
||
| 300 |
_a241 p. ; _c cm. |
||
| 504 | _aindex. | ||
| 650 | 0 | _apolitics in southern africa. | |
| 908 | _a140321 | ||
| 999 |
_c2505 _d2505 |
||